Mejora de los sistemas de cartografía del territorio colombiano (Registro nro. 7635)

Detalles MARC
000 -CABECERA
Campo de control 00872nam a22002057a 4500
005 - FECHA Y HORA DE LA ULTIMA TRANSACCION
Campo de control 20180803165501.0
008 - ELEMENTOS DE LONGITUD FIJA—INFORMACION GENERAL
Campo de control 130828b2007 ck ||||| ||||o00| 0 spa d
041 ## - IDIOMA
Código de idioma para texto/pista de sonido o título separado Español
044 ## - PAÍS DE PUBLICACIÓN
País de publicación Colombia
082 ## - NUMERO DE CLASIFICACION DECIMAL DEWEY
Número de clasificación 914.6
Número del ítem I24m
110 1# - ASIENTO PRINCIPAL--NOMBRE CORPORATIVO
Nombre corporativo o de jurisdicción como elemento de entrada Instituto Geográfico Agustín Codazzi
245 1# - MENCION DE TITULO
Título Mejora de los sistemas de cartografía del territorio colombiano
260 ## - PUBLICACION, DISTRIBUCION, ETC. (PIE DE IMPRENTA)
Lugar de publicación, distribución, etc. Bogotá
Nombre del editor, distribuidor, etc. Instituto Geográfico Agustín Codazzi - IGAC
-- Departamento Nacional de Planeación - DNP
Fecha de publicación, distribución, etc. 2007
300 ## - DESCRIPCION FISICA
Extensión 104 p.
Otros detalles físicos il. (col), mapas, tablas
Dimensiones 28 cm.
500 ## - NOTA GENERAL
Nota general Proyecto Mejora de los sistemas de cartografía del territorio colombiano. Convenio de financiación con la Unión Europea y la República de Colombia
650 14 - ASIENTO SECUNDARIO DE MATERIA - TERMINO TEMATICO
Término temático o nombre geográfico como elemento de entrada Sistemas de información geográfica
650 24 - ASIENTO SECUNDARIO DE MATERIA - TERMINO TEMATICO
Término temático o nombre geográfico como elemento de entrada Geografía
Subdivisión general procesamiento de datos
650 24 - ASIENTO SECUNDARIO DE MATERIA - TERMINO TEMATICO
Término temático o nombre geográfico como elemento de entrada Cartografía
942 ## - ELEMENTOS ADICIONALES (KOHA)
Sistema de clasificación Dewey Decimal Classification
Tipo de ítem Impreso
Existencias
Withdrawn status Lost status Sistema de Clasificación Damaged status No para préstamo Colección Inventariado Ubicación Permanente Ubicación actual Fecha de adquisición Fuente de Valor Valor Total Checkouts Número topográfico Inventario / Código de Barras Date last seen Ejemplar Price effective from Forma de adquisición Tipo de material
    Dewey Decimal Classification     General Inventariado 2017 Bogotá Bogotá 28/08/2013 Instituto 39000.00   LB-914.6 I24m 058437 28/08/2013 Ej. 1 28/08/2013 Donación Libro
    Dewey Decimal Classification     General Inventariado 2017 Sala Fabio Quevedo Sala Fabio Quevedo 16/06/2009 Instituto 39000.00   LB-914.6 I24m 027177 04/12/2012 Ej. 2 04/12/2012 Donación Libro